[Event "Catalunya-ch Seniors"]
[Site "Malgrat del Mar"]
[Date "2023.05.18"]
[Round "5"]
[White "Romero Perera, Eugeni"]
[Black "Salgado Allaria, Carlos Fernando"]
[Result "0-1"]
[WhiteElo "2016"]
[BlackElo "2249"]
[PlyCount "104"]
[EventDate "2023.05.14"]
[EventType "swiss"]
[EventRounds "8"]
[EventCountry "ESP"]
[SourceTitle "CBM 214 Extra"]
[Source "ChessBase"]
[SourceDate "2023.07.31"]
[SourceVersion "1"]
[SourceVersionDate "2023.07.31"]
[SourceQuality "1"]

1. b3 d5 2. Bb2 Bg4 3. g3 e6 4. Bg2 Nf6 5. Nf3 Nbd7 6. d3 Bd6 7. Nbd2 0-0 8. 0-0 c6 9. Qc1 e5 10. e4 Re8 11. h3 Bh5 12. Nh4 Bg6 13. Ba3 Qe7 14. Nxg6 hxg6 15. Bxd6 Qxd6 16. Rd1 Qc5 17. Qb2 a5 18. a3 Qb6 19. Rab1 Nc5 20. Re1 d4 21. Rf1 Nh5 22. Nf3 Qc7 23. Qc1 Ne6 24. h4 Qd6 25. Bh3 Nc7 26. a4 Na6 27. Qd2 Nb4 28. Ra1 Qc5 29. Rfc1 Rad8 30. Qg5 Ra8 31. Kh2 Qd6 32. Nd2 b5 33. Nf3 Re7 34. Kg2 Raa7 35. Qd2 Nf6 36. Re1 Qc5 37. Rec1 Ne8 38. Ng1 Qd6 39. Re1 Nc7 40. Ne2 Na8 41. f4 Nb6 42. Rec1 bxa4 43. bxa4 Ra8 44. c3 dxc3 45. Qxc3 Rd8 46. Qc5 Qxd3 47. Bg4 Rb7 48. Qxa5 Nc2 49. Rxc2 Qxc2 50. Qxe5 Nc4 51. Qc5 Rb3 52. Kh3 Qxe4 0-1

[Event "Catalunya-ch Seniors"]
[Site "Malgrat del Mar"]
[Date "2023.05.15"]
[Round "2"]
[White "Romero Perera, Eugeni"]
[Black "Fernandez Muixi, Francesco"]
[Result "1/2-1/2"]
[WhiteElo "2016"]
[BlackElo "1953"]
[PlyCount "84"]
[EventDate "2023.05.14"]
[EventType "swiss"]
[EventRounds "8"]
[EventCountry "ESP"]
[SourceTitle "CBM 214 Extra"]
[Source "ChessBase"]
[SourceDate "2023.07.31"]
[SourceVersion "1"]
[SourceVersionDate "2023.07.31"]
[SourceQuality "1"]

1. d4 Nf6 2. c4 g6 3. f3 Bg7 4. e4 d6 5. Nc3 Nbd7 6. Nh3 e5 7. d5 a5 8. Nf2 Nc5 9. Bg5 h6 10. Be3 0-0 11. Qd2 Kh7 12. g4 Ng8 13. h4 b6 14. Be2 Bd7 15. Nb5 Ne7 16. Nd3 f5 17. gxf5 gxf5 18. Nxc5 bxc5 19. 0-0-0 f4 20. Bf2 Bf6 21. Rdg1 a4 22. Bd3 Nc8 23. Be1 Bxb5 24. cxb5 Rg8 25. Qh2 Nb6 26. Rxg8 Qxg8 27. Rg1 Qf7 28. Qh3 Be7 29. Bf1 Rg8 30. Rxg8 Qxg8 31. Bf2 Qg6 32. Qh1 Kh8 33. Bh3 h5 34. Bf5 Qf6 35. Qg2 Nxd5 36. Bg6 Nb4 37. Kd2 Qe6 38. a3 Qb3 39. axb4 Qxb2+ 40. Kd3 Qb3+ 41. Ke2 Qc4+ 42. Ke1 Qc1+ 1/2-1/2

[Event "Catalunya-ch U50"]
[Site "Santa Susanna"]
[Date "2022.05.21"]
[Round "7"]
[White "Brusi Noguera, Ricardo Ll"]
[Black "Romero Perera, Eugeni"]
[Result "1-0"]
[WhiteElo "2112"]
[BlackElo "1933"]
[PlyCount "79"]
[EventDate "2022.05.15"]
[EventType "swiss"]
[EventRounds "8"]
[EventCountry "CAT"]
[SourceTitle "EXT 2023"]
[Source "ChessBase"]
[SourceDate "2022.10.05"]
[SourceVersion "1"]
[SourceVersionDate "2022.10.05"]
[SourceQuality "1"]

1. d4 d5 2. c4 e5 3. dxe5 d4 4. Nf3 Nc6 5. a3 f6 6. exf6 Nxf6 7. g3 Bg4 8. Nbd2 Qd7 9. h3 Bf5 10. g4 Bg6 11. b4 Ne4 12. Nxe4 Bxe4 13. Bg2 Bxf3 14. Bxf3 0-0-0 15. c5 Ne5 16. Be4 g6 17. f4 Nc6 18. Qd3 Qe6 19. Bd2 Ne7 20. Rf1 Bh6 21. f5 Bxd2+ 22. Kxd2 Qf6 23. Kc2 gxf5 24. Bxf5+ Kb8 25. Bxh7 Qe5 26. Be4 Rhe8 27. Qf3 Nd5 28. Bxd5 Rxd5 29. Rae1 Qe6 30. Kb2 Re5 31. e4 dxe3 32. Qf7 Qc6 33. Re2 a5 34. Rf5 Qe4 35. Rxe5 Qxe5+ 36. Kb3 axb4 37. axb4 Rd8 38. Qc4 Rd4 39. Qg8+ Ka7 40. Ra2# 1-0

[Event "Barcelona La Lira op 12th"]
[Site "Barcelona"]
[Date "2019.06.06"]
[Round "9"]
[White "Capellades Subirana, Marc"]
[Black "Romero Perera, Eugeni"]
[Result "1/2-1/2"]
[WhiteElo "2193"]
[BlackElo "1922"]
[PlyCount "165"]
[EventDate "2019.04.04"]
[EventType "swiss"]
[EventRounds "9"]
[EventCountry "ESP"]
[SourceTitle "CBM 190 Extra"]
[Source "ChessBase"]
[SourceDate "2019.07.15"]
[SourceVersion "1"]
[SourceVersionDate "2019.07.15"]
[SourceQuality "1"]

1. e4 c5 2. Nf3 d6 3. d4 cxd4 4. Nxd4 Nf6 5. Nc3 a6 6. Bd3 e5 7. Nde2 Nc6 8. 0-0 Be7 9. Nd5 Nxd5 10. exd5 Nb4 11. Bc4 Qc7 12. Bb3 a5 13. c3 Na6 14. f4 e4 15. f5 Bf6 16. Ng3 Nc5 17. Bc2 0-0 18. Bxe4 b6 19. Qg4 Kh8 20. Be3 Bb7 21. Rad1 Rfe8 22. Bd4 Nxe4 23. Nxe4 Bxd4+ 24. Rxd4 f6 25. Rf3 Re7 26. Rh3 Rf8 27. Qg3 Bxd5 28. Rxd5 Rxe4 29. Qxd6 Qxd6 30. Rxd6 Rfe8 31. Rf3 Re2 32. Rf2 Re1+ 33. Rf1 R1e2 34. Rxb6 Kg8 35. g3 a4 36. a3 h5 37. Rf2 Re1+ 38. Kg2 R8e4 39. Rb4 Rxb4 40. cxb4 Re3 41. Rd2 Rb3 42. Kh3 Kh7 43. Kh4 Kh6 44. Rd8 g5+ 45. fxg6 Rxb2 46. h3 Rb3 47. g7 Kxg7 48. Kxh5 Rxg3 49. Rd7+ Kf8 50. b5 Rxh3+ 51. Kg6 Rb3 52. Kxf6 Ke8 53. Rd5 Rxa3 54. Ke6 Rb3 55. Rh5 Kd8 56. Kd6 Kc8 57. Kc6 Rc3+ 58. Kb6 Kb8 59. Rh8+ Rc8 60. Rh3 Rg8 61. Ka6 Rf8 62. Ra3 Rf4 63. Ra1 Rf7 64. b6 Rf4 65. Ra3 Re4 66. Rf3 Re8 67. Kb5 Re5+ 68. Kc6 Re6+ 69. Kc5 Re5+ 70. Kd6 Re1 71. Kc6 Re6+ 72. Kb5 Re5+ 73. Ka6 Re8 74. Rc3 Re5 75. Rc4 a3 76. Ra4 Re3 77. Kb5 Rb3+ 78. Kc5 Rc3+ 79. Kb4 Rc6 80. Kb5 Rc3 81. Ka6 Rd3 82. Ra5 Re3 83. Ra4 1/2-1/2

[Event "Llinars del Valles op-A 12th"]
[Site "Llinars del Valles"]
[Date "2018.04.28"]
[Round "3"]
[White "Borges de Clasca, Pol"]
[Black "Romero Perera, Eugeni"]
[Result "1-0"]
[WhiteElo "1675"]
[BlackElo "1978"]
[PlyCount "87"]
[EventDate "2018.04.14"]
[EventType "swiss"]
[EventRounds "8"]
[EventCountry "ESP"]
[SourceTitle "CBM 184 Extra"]
[Source "ChessBase"]
[SourceDate "2018.06.28"]
[SourceVersion "1"]
[SourceVersionDate "2018.06.28"]
[SourceQuality "1"]

1. d4 d5 2. Nf3 c6 3. e3 f5 4. Bd3 Nf6 5. 0-0 e6 6. b3 Be7 7. Bb2 0-0 8. Ne5 Nbd7 9. c4 Nxe5 10. dxe5 Nd7 11. Nd2 Nc5 12. Be2 Bd7 13. f3 Be8 14. b4 Nd7 15. Qb3 Bf7 16. a3 Rc8 17. e4 dxe4 18. fxe4 Nxe5 19. Rad1 Qc7 20. exf5 exf5 21. Rxf5 Nd7 22. Bg4 Bg6 23. Rff1 Rcd8 24. Be6+ Kh8 25. c5 Rxf1+ 26. Rxf1 Nf6 27. Nc4 Rd3 28. Be5 Qd8 29. Qb2 Rd1 30. Nd6 Rxf1+ 31. Kxf1 b6 32. Qd2 Qf8 33. Kg1 h6 34. Qd4 bxc5 35. bxc5 Kh7 36. Qa4 Bxd6 37. Bxd6 Qe8 38. Qc4 Bf7 39. Bxf7 Qe3+ 40. Kf1 Ne4 41. Qc2 Kh8 42. Qe2 Qd4 43. Bh5 Qf6+ 44. Bf3 1-0

[Event "Llinars del Valles op-A 10th"]
[Site "Llinars del Valles"]
[Date "2016.05.21"]
[Round "7"]
[White "Herrera Reyes, Jose Antonio"]
[Black "Romero Perera, Eugeni"]
[Result "1-0"]
[WhiteElo "2191"]
[BlackElo "2001"]
[PlyCount "55"]
[EventDate "2016.04.02"]
[EventType "swiss"]
[EventRounds "9"]
[EventCountry "ESP"]
[SourceTitle "CBM 172 Extra"]
[Source "ChessBase"]
[SourceDate "2016.06.21"]
[SourceVersion "1"]
[SourceVersionDate "2016.06.21"]
[SourceQuality "1"]

1. e4 c5 2. c3 d6 3. Nf3 Nc6 4. d4 Qc7 5. Be3 e6 6. Nbd2 Nf6 7. Bd3 Bd7 8. 0-0 Be7 9. Rc1 Rc8 10. b4 b6 11. Bb1 Qb8 12. bxc5 dxc5 13. Bg5 cxd4 14. cxd4 Na5 15. Rxc8+ Qxc8 16. d5 Bb5 17. Re1 Bb4 18. Nd4 Bd7 19. dxe6 fxe6 20. e5 Nd5 21. Qh5+ Kf8 22. a3 Bc5 23. Ne4 Qe8 24. Qg4 Qf7 25. Nd6 Bxd6 26. exd6 e5 27. Be7+ Ke8 28. Bf5 1-0

[Event "Vall del Tenes op 3rd"]
[Site "Santa Eulalia de Roncana"]
[Date "2014.05.30"]
[Round "6"]
[White "Boixader Arbo, Xavier"]
[Black "Romero Perera, Eugeni"]
[Result "1/2-1/2"]
[WhiteElo "1907"]
[BlackElo "2187"]
[PlyCount "39"]
[EventDate "2014.04.25"]
[EventType "swiss"]
[EventRounds "8"]
[EventCountry "ESP"]
[SourceTitle "CBM 160 Extra"]
[Source "ChessBase"]
[SourceDate "2014.07.01"]
[SourceVersion "1"]
[SourceVersionDate "2014.07.01"]
[SourceQuality "1"]

1. e4 c5 2. Nf3 d6 3. d4 cxd4 4. Nxd4 Nf6 5. Nc3 a6 6. Bg5 e6 7. Qd2 Be7 8. f4 Qc7 9. Be2 b5 10. Bf3 Bb7 11. Bxf6 gxf6 12. 0-0-0 Nd7 13. f5 e5 14. Nb3 Nb6 15. Na5 Nc4 16. Nxc4 Qxc4 17. Be2 Qc5 18. Nd5 Bxd5 19. Qxd5 Rc8 20. c3 1/2-1/2

[Event "Cerdanyola del Valles op-A 32th"]
[Site "Cerdanyola del Valles"]
[Date "2014.??.??"]
[Round "5.8"]
[White "Castillo Dalmau, Albert"]
[Black "Romero Perera, Eugeni"]
[Result "0-1"]
[WhiteElo "1816"]
[BlackElo "2068"]
[PlyCount "70"]
[EventDate "2014.10.04"]
[EventType "swiss"]
[EventRounds "8"]
[EventCountry "ESP"]
[SourceTitle "EXT 2024"]
[Source "ChessBase"]
[SourceDate "2023.10.10"]
[SourceVersion "1"]
[SourceVersionDate "2023.10.10"]
[SourceQuality "1"]

1. c4 f5 2. g3 Nf6 3. Nc3 e5 4. Nf3 Nc6 5. d4 e4 6. Nh4 d6 7. Bh3 g6 8. Bg5 Be7 9. 0-0 0-0 10. Bg2 Ng4 11. Bxe7 Qxe7 12. h3 Nh6 13. Bh1 Qg7 14. e3 Ne7 15. Ng2 g5 16. f3 Bd7 17. Qe2 exf3 18. Qxf3 c6 19. Rae1 g4 20. hxg4 Nxg4 21. Nf4 Qh6 22. Re2 Rae8 23. Qg2 Ng6 24. Rfe1 Re7 25. Qf1 Rxe3 26. Bf3 Rxe2 27. Rxe2 Nxf4 28. gxf4 Kh8 29. Bxg4 fxg4 30. Re4 g3 31. Qg2 Bf5 32. Re7 Qf6 33. Rxb7 Qxd4+ 34. Kh1 Qxf4 35. Ne2 Qh4+ 0-1